[Event "33rd World U20 ch"]
[Site "Matinhos BRA"]
[Date "1994.09.??"]
[Round "7"]
[White "Mariano, Nelson"]
[Black "Relange, Eloi"]
[Result "1-0"]
[WhiteElo "2345"]
[BlackElo "2445"]
[EventDate "1994.09.03"]
[PlyCount "61"]

1.e4 c5 2.Nf3 d6 3.d4 cxd4 4.Nxd4 Nf6 5.Nc3 Nc6 6.Bc4 e6 7.Bb3 Be7 8.O-O 
O-O 9.Be3 Na5 10.f4 b6 11.e5 dxe5 12.fxe5 Ne8 13.Qh5 g6 14.Qg4 Qc7 15.Rae1
Nxb3 16.axb3 Bb7 17.Bh6 Ng7 18.Kh1 Rad8 19.Nf3 f5 20.exf6 Bxf6 21.Ng5 e5 
22.Bxg7 Qxg7 23.Qc4+ Kh8 24.Ne6 Qe7 25.Nxf8 Rxf8 26.Nd5 Qd6 27.Nxf6 Rxf6 
28.Rxf6 Qxf6 29.Qc7 Be4 30.Kg1 Qf5 31.Rf1 1-0

[Event "33rd World U20 ch"]
[Site "Matinhos BRA"]
[Date "1994.09.??"]
[Round "7"]
[White "Szuhanek, Ranko"]
[Black "Iordachescu, Viorel"]
[Result "0-1"]
[WhiteElo "2350"]
[BlackElo "2435"]
[EventDate "1994.09.03"]
[PlyCount "96"]

1.c4 e5 2.Nc3 Nf6 3.Nf3 Nc6 4.g3 Bb4 5.Bg2 O-O 6.O-O Re8 7.a3 Bxc3 8.bxc3 
e4 9.Nd4 d5 10.Nxc6 bxc6 11.Qa4 Bg4 12.Re1 Re6 13.Rb1 Nd7 14.cxd5 cxd5 15.
d3 Nb6 16.Qd4 c5 17.Qe3 exd3 18.Qxd3 Qe7 19.Be3 Rd8 20.Rb5 d4 21.cxd4 cxd4
22.Bg5 f6 23.f3 fxg5 24.fxg4 Re3 25.Qd2 d3 26.Kf2 Re8 27.Bf3 Kh8 28.Qb4 
Qd8 29.Rf5 h6 30.Rf8+ Rxf8 31.Kxe3 a5 32.Qd4 Re8+ 33.Be4 d2 34.Rd1 Qe7 35.
Rxd2 Qxe4+ 36.Qxe4 Nc4+ 37.Kd3 Rxe4 38.Kxe4 Nxd2+ 39.Kd3 Nf1 40.h3 Nxg3 
41.Kc4 Nxe2 42.Kb5 Kg8 43.Kxa5 Kf7 44.Kb6 Nc3 45.Kc5 Ke6 46.Kc4 Ne4 47.a4 
Kd6 48.Kd4 Nf2 0-1

[Event "33rd World U20 ch"]
[Site "Matinhos BRA"]
[Date "1994.09.??"]
[Round "7"]
[White "Milanovic, Danilo"]
[Black "Sergejev, Roman"]
[Result "0-1"]
[WhiteElo "2325"]
[BlackElo "2370"]
[EventDate "1994.09.03"]
[PlyCount "60"]

1.d4 d5 2.c4 e6 3.Nc3 c6 4.Nf3 dxc4 5.a4 Bb4 6.e3 b5 7.Be2 Bb7 8.O-O a6 9.
Ne5 Nd7 10.f4 Ngf6 11.Bf3 Qc8 12.Bd2 O-O 13.g4 c5 14.axb5 cxd4 15.exd4 
axb5 16.Rxa8 Qxa8 17.g5 Nxe5 18.Bxb7 Qxb7 19.gxf6 Nd3 20.Qg4 g6 21.f5 exf5
22.Rxf5 Qc8 23.Rg5 Qxg4+ 24.Rxg4 Nxb2 25.Rg2 Bxc3 26.Bxc3 Nd3 27.d5 Rd8 
28.Re2 h6 29.Bd2 g5 30.Re7 Rxd5 0-1

[Event "33rd World U20 ch"]
[Site "Matinhos BRA"]
[Date "1994.09.??"]
[Round "7"]
[White "Kovacevic, Blazimir"]
[Black "Del Rio Angelis, Salvador Gabriel"]
[Result "0-1"]
[WhiteElo "2315"]
[BlackElo "2350"]
[EventDate "1994.09.03"]
[PlyCount "60"]

1.d4 e6 2.c4 f5 3.g3 Nf6 4.Bg2 d5 5.Nf3 c6 6.O-O Bd6 7.b3 Qe7 8.Nbd2 b6 9.
Bb2 Bb7 10.Ne5 O-O 11.Qc2 a5 12.Rfd1 Na6 13.Rac1 Rac8 14.Ndf3 Ne4 15.e3 c5
16.dxc5 bxc5 17.Qb1 a4 18.bxa4 Nb4 19.Bf1 g5 20.a3 Nc6 21.cxd5 Nxe5 22.
Nxe5 exd5 23.f4 gxf4 24.gxf4 d4 25.Bg2 Bxe5 26.fxe5 Qg5 27.Bxd4 cxd4 28.
Qb3+ Kh8 29.Rxc8 Rxc8 30.exd4 Rc3 0-1

[Event "33rd World U20 ch"]
[Site "Matinhos BRA"]
[Date "1994.09.??"]
[Round "7"]
[White "Votava, Jan"]
[Black "Riegler, Primoz"]
[Result "1/2-1/2"]
[WhiteElo "2410"]
[BlackElo "2250"]
[EventDate "1994.09.03"]
[PlyCount "82"]

1.e4 c5 2.Nf3 Nc6 3.Bb5 g6 4.Bxc6 bxc6 5.O-O Bg7 6.Re1 Nh6 7.c3 f6 8.d4 
cxd4 9.cxd4 Nf7 10.Nc3 d6 11.h3 O-O 12.Be3 Bd7 13.Rc1 Qa5 14.Nd2 f5 15.Nb3
Qd8 16.Qe2 a5 17.Nd2 Qb6 18.Nf3 fxe4 19.Nxe4 Nh6 20.d5 c5 21.Bxh6 Bxh6 22.
Neg5 Rae8 23.Rc3 Rf5 24.Rb3 Qa7 25.h4 Qa8 26.Re3 Bf8 27.Rd1 Rxd5 28.Qc4 e6
29.Rde1 Rf5 30.Nxe6 Qd5 31.Qxd5 Rxd5 32.Nxf8 Kxf8 33.Kh2 Rxe3 34.fxe3 h6 
35.e4 Rd3 36.e5 Bc6 37.exd6 Bxf3 38.gxf3 Rxd6 39.Re2 Kf7 40.Kg3 Kf6 41.b3 
a4 1/2-1/2

[Event "33rd World U20 ch"]
[Site "Matinhos BRA"]
[Date "1994.09.??"]
[Round "7"]
[White "Gretarsson, Helgi Ass"]
[Black "Vitor, Antonio"]
[Result "1-0"]
[WhiteElo "2450"]
[BlackElo "2195"]
[EventDate "1994.09.03"]
[PlyCount "137"]

1.b3 e5 2.Bb2 Nc6 3.e3 d5 4.Bb5 Bd6 5.c4 Nf6 6.Nf3 Bg4 7.Qc2 Bxf3 8.gxf3 
dxc4 9.Qxc4 O-O 10.Bxc6 bxc6 11.Qxc6 Nd7 12.Nc3 f5 13.O-O-O Rf6 14.d4 Kh8 
15.Nd5 Rh6 16.Kb1 exd4 17.Bxd4 Be5 18.Qc2 Qf8 19.f4 Bxd4 20.Rxd4 c5 21.Rd2
Rc8 22.Qc4 Nb6 23.Nxb6 axb6 24.Rd7 Rd6 25.Rd1 Rxd1+ 26.Rxd1 Rd8 27.Rd5 h6 
28.a4 Qf6 29.Kc2 Qh4 30.Rxd8+ Qxd8 31.Qe6 Qh4 32.Qc8+ Kh7 33.Qxf5+ Kh8 34.
Qc8+ Kh7 35.Qf5+ Kh8 36.Qf8+ Kh7 37.Qd6 Qxf2+ 38.Kd3 Qf1+ 39.Ke4 Qh1+ 40.
Ke5 Qa1+ 41.Ke6 Qc3 42.Qd5 Qxe3+ 43.Kd6 Qxf4+ 44.Kc6 Qxh2 45.Kxb6 Qb8+ 46.
Kxc5 Qc7+ 47.Kd4 Kh8 48.a5 Qf4+ 49.Kc5 Qc7+ 50.Kb5 Qb8+ 51.Ka4 Qe8+ 52.Ka3
Qf8+ 53.b4 Qc8 54.Kb3 Qh3+ 55.Ka4 Qc8 56.Qd3 Qc1 57.a6 Qa1+ 58.Kb3 Qg1 59.
b5 Qb6 60.Kb4 Qf2 61.Qd8+ Kh7 62.Qd3+ Kh8 63.Qd7 Qb2+ 64.Ka5 Qc3+ 65.Kb6 
Qe3+ 66.Kb7 h5 67.b6 Qc3 68.Qe6 Kh7 69.Ka8 1-0

[Event "33rd World U20 ch"]
[Site "Matinhos BRA"]
[Date "1994.09.??"]
[Round "7"]
[White "Fancsy, Imre"]
[Black "Renteria Becerra, Jorge"]
[Result "1-0"]
[WhiteElo "2415"]
[BlackElo "2205"]
[EventDate "1994.09.03"]
[PlyCount "121"]

1.Nf3 d6 2.d4 Bg4 3.c4 Nd7 4.Qb3 Qc8 5.g3 c6 6.Bg2 Ngf6 7.Nc3 e5 8.Be3 Be7
9.O-O O-O 10.Rad1 Re8 11.h3 Bxf3 12.exf3 Bf8 13.Qc2 h6 14.f4 exd4 15.Bxd4 
Qc7 16.Rd2 Rac8 17.Qf5 a6 18.Rc1 Re6 19.b3 Rce8 20.Qb1 Rd8 21.Qb2 Rde8 22.
Qb1 Rd8 23.Bf3 Ree8 24.Kg2 Re6 25.Rdc2 Ree8 26.Rd2 Rc8 27.Qf5 Re6 28.Rdd1 
Ree8 29.Qb1 Rcd8 30.Qb2 Rc8 31.Rd2 Re6 32.Rdc2 Ree8 33.Kf1 Qa5 34.Qb1 Qc7 
35.Kg2 Rcd8 36.Rg1 Rc8 37.Rd1 Rcd8 38.Qb2 Rc8 39.Rcc1 Rcd8 40.Qc2 Rc8 41.
Qf5 Rcd8 42.h4 h5 43.Qg5 Re6 44.Nd5 Qb8 45.Nxf6+ Nxf6 46.f5 Nh7 47.Qxh5 
Rh6 48.Qg4 c5 49.Bc3 b5 50.Qf4 b4 51.Bb2 a5 52.Rh1 Be7 53.Rce1 Bf6 54.Bc1 
Be5 55.Qe4 Nf6 56.Qd3 Rh8 57.g4 Nd7 58.Bd5 Bc3 59.Re7 Ne5 60.Qe4 Rf8 61.g5
1-0

[Event "33rd World U20 ch"]
[Site "Matinhos BRA"]
[Date "1994.09.??"]
[Round "7"]
[White "Singh, Gurpreetpal"]
[Black "Nordahl, Helge"]
[Result "1-0"]
[WhiteElo "2350"]
[BlackElo "2245"]
[EventDate "1994.09.03"]
[PlyCount "89"]

1.e4 c5 2.Nf3 d6 3.d4 cxd4 4.Nxd4 Nf6 5.Nc3 a6 6.Be3 e5 7.Nb3 Be7 8.f3 Be6
9.Qd2 O-O 10.O-O-O a5 11.Bb5 Nc6 12.Qf2 Qb8 13.Kb1 Ne8 14.Bb6 Nc7 15.a4 f5
16.Nd5 Bd8 17.Bxc7 Bxc7 18.Qd2 fxe4 19.fxe4 Kh8 20.Nxc7 Qxc7 21.Qxd6 Qxd6 
22.Rxd6 Bxb3 23.cxb3 Rf2 24.Bxc6 bxc6 25.Rhd1 h6 26.Rxc6 Rxg2 27.Rc2 Rg4 
28.Re2 h5 29.Rd5 h4 30.Rxe5 g5 31.Rc5 Kg7 32.e5 Kf7 33.e6+ Ke7 34.Kc2 h3 
35.Rc7+ Kd6 36.Rd7+ Kc6 37.Rd3 Rh4 38.e7 Re8 39.Rd8 Rhh8 40.Rxe8 Rxe8 41.
Kd2 Kd6 42.Ke1 Rxe7 43.Rxe7 Kxe7 44.Kf2 Kd6 45.b4 1-0

[Event "33rd World U20 ch"]
[Site "Matinhos BRA"]
[Date "1994.09.??"]
[Round "7"]
[White "Barria Zuniga, Daniel"]
[Black "Dias, Anderson Tatsch"]
[Result "1/2-1/2"]
[WhiteElo "2340"]
[BlackElo "2190"]
[EventDate "1994.09.03"]
[PlyCount "43"]

1.c4 e5 2.Nc3 Nc6 3.g3 g6 4.Bg2 Bg7 5.d3 Nf6 6.Nf3 O-O 7.O-O d6 8.Rb1 a5 
9.a3 h6 10.b4 axb4 11.axb4 Be6 12.b5 Nd4 13.e3 Nxf3+ 14.Qxf3 Rb8 15.Nd5 
Nh7 16.Qe2 Qd7 17.Ba3 c6 18.Nc3 f5 19.Rb3 Rfd8 20.Rfb1 c5 21.Nd5 Nf6 22.
Bb2 1/2-1/2

[Event "33rd World U20 ch"]
[Site "Matinhos BRA"]
[Date "1994.09.??"]
[Round "7"]
[White "Meldrum, Andrew"]
[Black "Leitao, Rafael"]
[Result "0-1"]
[WhiteElo "2120"]
[BlackElo "2335"]
[EventDate "1994.09.03"]
[PlyCount "186"]

1.d4 f5 2.g3 Nf6 3.Bg2 g6 4.Nh3 Bg7 5.c4 e6 6.Qb3 O-O 7.Nc3 Na6 8.O-O d6 
9.Rd1 Qe8 10.Nf4 e5 11.dxe5 dxe5 12.Nfd5 c6 13.Nxf6+ Bxf6 14.Qc2 Be6 15.b3
Qe7 16.a3 Rac8 17.Bb2 Qf7 18.Rac1 Kh8 19.Nb1 b5 20.Nd2 Nc5 21.Nf3 Qc7 22.
Nd2 Qg7 23.Bc3 Rfd8 24.Ba5 Re8 25.Bb4 Nb7 26.Bc3 Nc5 27.Bf1 a6 28.e3 e4 
29.Bxf6 Qxf6 30.b4 Na4 31.Nb1 Nb2 32.Rd6 bxc4 33.Qc3 Qxc3 34.Nxc3 Nd3 35.
Rd1 Kg7 36.f3 Bf7 37.fxe4 fxe4 38.Bg2 Bd5 39.Rf1 Re7 40.h3 Kg8 41.Bh1 Rb8 
42.Bg2 Kg7 43.Bh1 Rbe8 44.Bg2 Re6 45.Rd7+ R8e7 46.Rd8 Re8 47.Rd7+ R6e7 48.
Rd6 Rb7 49.Bh1 Rc7 50.Bg2 Ra7 51.Bh1 Kg8 52.Bg2 Rb7 53.Bh1 Rbe7 54.Bg2 Rc7
55.Bh1 Rce7 56.Bg2 Kg7 57.Bh1 Rb7 58.Bg2 Rc7 59.Bh1 Rce7 60.Bg2 Kg8 61.Bh1
Rb7 62.Bg2 Kg7 63.Bh1 Re5 64.Rd8 a5 65.b5 Rxb5 66.Nxb5 cxb5 67.Rxd5 Rxd5 
68.Bxe4 Re5 69.Bxd3 cxd3 70.Rd1 Rxe3 71.Kf2 Re2+ 72.Kf3 Rh2 73.Rxd3 Rxh3 
74.Rd7+ Kh6 75.Rb7 Rh5 76.Kg4 Rc5 77.Kh4 Rc4+ 78.g4 g5+ 79.Kg3 Rc3+ 80.Kf2
Rb3 81.Rb6+ Kg7 82.Ke2 a4 83.Kf2 Kf7 84.Ke2 Ke7 85.Kd2 Kd7 86.Kc2 Kc7 87.
Rh6 Rxa3 88.Rxh7+ Kd6 89.Rg7 Kc5 90.Rxg5+ Kb4 91.Rd5 Rg3 92.g5 a3 93.Rd4+ 
Kc5 0-1

[Event "33rd World U20 ch"]
[Site "Matinhos BRA"]
[Date "1994.09.??"]
[Round "7"]
[White "Dos Santos, Ramiro"]
[Black "Russo, Guilherme"]
[Result "1-0"]
[WhiteElo "2315"]
[BlackElo "2010"]
[EventDate "1994.09.03"]
[PlyCount "59"]

1.e4 c5 2.Nf3 d6 3.d4 cxd4 4.Nxd4 Nf6 5.Nc3 g6 6.Be3 Bg7 7.f3 O-O 8.Qd2 
Nc6 9.Bc4 Bd7 10.O-O-O Qa5 11.Kb1 Rfc8 12.Bb3 Ne5 13.h4 Nc4 14.Bxc4 Rxc4 
15.Nb3 Qa6 16.e5 dxe5 17.Nc5 Rxc5 18.Bxc5 Be6 19.Bxe7 Rc8 20.Qd6 Qa5 21.
Qb4 Qc7 22.Bd6 Qc6 23.Bxe5 Nd5 24.Rxd5 Bxd5 25.Bxg7 Bxf3 26.Qd4 Bxg2 27.
Re1 Qc4 28.Qxc4 Rxc4 29.Bf6 Bc6 30.Rd1 1-0

[Event "33rd World U20 ch"]
[Site "Matinhos BRA"]
[Date "1994.09.??"]
[Round "8"]
[White "Spangenberg, Hugo"]
[Black "Oratovsky, Michael"]
[Result "1/2-1/2"]
[WhiteElo "2530"]
[BlackElo "2520"]
[EventDate "1994.09.03"]
[PlyCount "126"]

1.e4 c5 2.Nf3 e6 3.d4 cxd4 4.Nxd4 a6 5.Bd3 g6 6.O-O Bg7 7.Nb3 Nc6 8.c4 
Nge7 9.Nc3 O-O 10.Be2 f5 11.c5 b6 12.exf5 gxf5 13.cxb6 Qxb6 14.Be3 Qd8 15.
f4 d6 16.Qd2 Rb8 17.Bf3 Bb7 18.Rfd1 Nc8 19.Qe2 Qe8 20.Re1 Qg6 21.Rad1 Kh8 
22.Kh1 Nb4 23.Bd4 Bxf3 24.gxf3 Bf6 25.Qxe6 Bxd4 26.Nxd4 Nb6 27.a3 Qxe6 28.
Nxe6 Nc2 29.Re2 Rfe8 30.Rdd2 Na1 31.Rxd6 Nc4 32.Rxa6 Nxb2 33.Nd5 Nd3 34.
Nf6 Rb1+ 35.Kg2 Rxe6 36.Raxe6 Nxf4+ 37.Kg3 Nxe2+ 38.Rxe2 Kg7 39.Nh5+ Kf7 
40.Kf4 Nb3 41.Rg2 Nd4 42.Rd2 Ne6+ 43.Kxf5 Rb5+ 44.Kg4 Rg5+ 45.Kh4 Rf5 46.
f4 Nxf4 47.Kg4 Rxh5 48.Kxf4 Ra5 49.Ra2 Ke6 50.a4 Kd5 51.Kg5 Kc4+ 52.Kh6 
Kb3 53.Ra1 Kb2 54.Rh1 Rxa4 55.Kxh7 Kc3 56.h4 Kd4 57.Re1 Ra7+ 58.Kg6 Ra6+ 
59.Kf5 Ra5+ 60.Kg4 Ra2 61.h5 Kd5 62.Rh1 Ke6 63.h6 Rg2+ 1/2-1/2

[Event "33rd World U20 ch"]
[Site "Matinhos BRA"]
[Date "1994.09.??"]
[Round "8"]
[White "Miladinovic, Igor"]
[Black "Gabriel, Christian"]
[Result "1-0"]
[WhiteElo "2500"]
[BlackElo "2545"]
[EventDate "1994.09.03"]
[PlyCount "123"]

1.d4 d5 2.Nf3 c6 3.Bg5 Bf5 4.c3 Nd7 5.e3 Ngf6 6.Bd3 Bxd3 7.Qxd3 e6 8.Nbd2 
Be7 9.h3 O-O 10.Bf4 c5 11.O-O Qb6 12.b3 Rac8 13.a4 a6 14.a5 Qc6 15.Rfc1 
Rfd8 16.c4 Bd6 17.Bxd6 Qxd6 18.b4 cxd4 19.c5 Qe7 20.exd4 e5 21.dxe5 Nxe5 
22.Nxe5 Qxe5 23.Nf3 Qe6 24.Qd4 Re8 25.Re1 Qf5 26.Rad1 h6 27.Ne5 Ne4 28.Nd3
Rcd8 29.Re3 Qf6 30.Qxf6 Nxf6 31.Rxe8+ Nxe8 32.Ne5 f6 33.Nc4 Kf7 34.Kf1 Ke7
35.Ne3 Ke6 36.Ke2 Nc7 37.Kd3 Nb5 38.Re1 Kf7 39.Nf5 Rd7 40.g4 Rc7 41.h4 Rd7
42.h5 Rc7 43.f3 Rd7 44.f4 Rc7 45.Re2 Rd7 46.Re3 Rc7 47.Rf3 Rd7 48.Rg3 Rc7 
49.Rh3 Rd7 50.Rh2 Rc7 51.Rg2 Rd7 52.Rf2 Rc7 53.Rf1 Rd7 54.Rh1 Rd8 55.Rc1 
Rc8 56.Ne3 Nc7 57.c6 Rb8 58.cxb7 Rxb7 59.Rc6 d4 60.Rb6 Ra7 61.Kxd4 Nb5+ 
62.Kc5 1-0

[Event "33rd World U20 ch"]
[Site "Matinhos BRA"]
[Date "1994.09.??"]
[Round "8"]
[White "Vescovi, Giovanni"]
[Black "Nalbandian, Tigran"]
[Result "1-0"]
[WhiteElo "2455"]
[BlackElo "2455"]
[EventDate "1994.09.03"]
[PlyCount "79"]

1.e4 c5 2.Nf3 d6 3.d4 cxd4 4.Qxd4 Nf6 5.e5 Nc6 6.Bb5 Ng4 7.exd6 Qxd6 8.
Qxd6 exd6 9.O-O a6 10.Re1+ Be6 11.Ba4 Be7 12.h3 b5 13.Bb3 Nge5 14.Nxe5 
Nxe5 15.Bf4 Nc4 16.a4 Kd7 17.Na3 g5 18.Bg3 Nxa3 19.Rxa3 Rhc8 20.axb5 axb5 
21.Rea1 Rxa3 22.Rxa3 Bc4 23.Bxc4 bxc4 24.f4 Rc5 25.fxg5 Bxg5 26.Rf3 Ke6 
27.Bf2 Rd5 28.b3 Rd1+ 29.Kh2 d5 30.bxc4 dxc4 31.Rc3 Kd5 32.Rf3 Ke6 33.Rc3 
Rf1 34.Kg3 Kd5 35.Rf3 Be7 36.Rxf7 Ke6 37.Rf3 Rc1 38.Re3+ Kd6 39.Re2 Bf6 
40.Kf3 1-0

[Event "33rd World U20 ch"]
[Site "Matinhos BRA"]
[Date "1994.09.??"]
[Round "8"]
[White "Kumaran, Dharshan"]
[Black "Votava, Jan"]
[Result "1-0"]
[WhiteElo "2495"]
[BlackElo "2410"]
[EventDate "1994.09.03"]
[PlyCount "79"]

1.d4 Nf6 2.c4 e6 3.Nc3 Bb4 4.Qc2 O-O 5.a3 Bxc3+ 6.Qxc3 b6 7.Nf3 Bb7 8.e3 
d6 9.Be2 Nbd7 10.O-O c5 11.b3 Qc7 12.Bb2 Rac8 13.Rac1 Be4 14.Nd2 Bg6 15.d5
b5 16.dxe6 fxe6 17.cxb5 d5 18.f4 Qb7 19.a4 Rfe8 20.Nf3 Be4 21.Qe1 Nf8 22.
b4 c4 23.Bd4 Ng6 24.Qc3 Rf8 25.Bc5 Rfe8 26.Qd4 Ne7 27.Qc3 Ng6 28.Bd4 Rf8 
29.h3 Nh5 30.Qe1 Nhxf4 31.exf4 Nxf4 32.Rf2 Qf7 33.Be5 Ng6 34.Bd6 Nf4 35.
Ng5 Qg6 36.Bxf4 Rxf4 37.Rxf4 Qxg5 38.Rxe4 dxe4 39.Rxc4 Qe3+ 40.Qf2 1-0

[Event "33rd World U20 ch"]
[Site "Matinhos BRA"]
[Date "1994.09.??"]
[Round "8"]
[White "Sergejev, Roman"]
[Black "Gretarsson, Helgi Ass"]
[Result "0-1"]
[WhiteElo "2370"]
[BlackElo "2450"]
[EventDate "1994.09.03"]
[PlyCount "90"]

1.d4 d5 2.c4 c6 3.Nf3 Nf6 4.Nc3 dxc4 5.a4 Bf5 6.e3 e6 7.Bxc4 Bb4 8.O-O 
Nbd7 9.Qe2 Bg6 10.e4 Bxc3 11.bxc3 Nxe4 12.Ba3 Qc7 13.Rfe1 Nxc3 14.Qe3 Ne4 
15.Ng5 Ndf6 16.Bxe6 fxe6 17.Nxe6 Qd7 18.Nc5 Qd5 19.Nxb7 c5 20.Nxc5 Kf7 21.
f3 Nd6 22.Qe7+ Kg8 23.Kh1 Nf5 24.Qc7 h6 25.Rad1 Kh7 26.Ne6 Rhe8 27.Nf4 
Qxd4 28.Nxg6 Kxg6 29.Qc2 Rac8 30.Qb1 Qxa4 31.g4 Qxa3 32.Qxf5+ Kf7 33.h4 
Qc5 34.Rd7+ Kg8 35.Rxe8+ Nxe8 36.Qe6+ Kh8 37.Kg2 Nf6 38.Rb7 Qc2+ 39.Kg3 
Qc5 40.g5 hxg5 41.h5 Nxh5+ 42.Kg4 Nf6+ 43.Kg3 Qg1+ 44.Kh3 Qh1+ 45.Kg3 Qh4+
0-1

[Event "33rd World U20 ch"]
[Site "Matinhos BRA"]
[Date "1994.09.??"]
[Round "8"]
[White "Pelletier, Yannick"]
[Black "Relange, Eloi"]
[Result "1/2-1/2"]
[WhiteElo "2350"]
[BlackElo "2445"]
[EventDate "1994.09.03"]
[PlyCount "96"]

1.d4 d5 2.c4 c6 3.Nf3 Nf6 4.Nc3 e6 5.Bg5 h6 6.Bxf6 Qxf6 7.e3 Nd7 8.Bd3 g6 
9.O-O Bg7 10.e4 dxc4 11.Bxc4 e5 12.d5 Nb6 13.Bb3 O-O 14.dxc6 Qxc6 15.Rc1 
Qf6 16.Nd5 Nxd5 17.Bxd5 Be6 18.Bxe6 Qxe6 19.Qa4 Qb6 20.Rc4 a6 21.Qc2 Qe6 
22.b3 Rac8 23.Rc1 Rxc4 24.Qxc4 Qxc4 25.Rxc4 f5 26.Nh4 b5 27.Rc6 fxe4 28.
Nxg6 Rd8 29.Kf1 a5 30.Ke2 Kf7 31.Nh4 Bf8 32.Nf5 h5 33.Ng3 Rd4 34.Nxh5 a4 
35.bxa4 Rxa4 36.Rc2 e3 37.Kxe3 Rh4 38.Ng3 Rxh2 39.f3 Ke6 40.Ne4 Be7 41.Kd3
Rh8 42.g4 Ra8 43.Nd2 Rf8 44.Rc6+ Kd5 45.Rb6 Bg5 46.Rxb5+ Kc6 47.Rb2 Bxd2 
48.Rxd2 Rxf3+ 1/2-1/2

[Event "33rd World U20 ch"]
[Site "Matinhos BRA"]
[Date "1994.09.??"]
[Round "8"]
[White "Pedersen, Steffen"]
[Black "Al-Modiahki, Mohamad"]
[Result "1-0"]
[WhiteElo "2415"]
[BlackElo "2370"]
[EventDate "1994.09.03"]
[PlyCount "89"]

1.d4 Nf6 2.c4 g6 3.Nc3 Bg7 4.Bg5 d6 5.e3 O-O 6.Nf3 Nbd7 7.Qc2 c6 8.Rd1 a6 
9.a3 b5 10.cxb5 cxb5 11.Bd3 Bb7 12.Qe2 h6 13.Bh4 Qb6 14.O-O Rfe8 15.Rd2 
Rac8 16.e4 Nh5 17.Bb1 Ndf6 18.Rfd1 Nf4 19.Qe3 Ne6 20.Ba2 Nc7 21.Qd3 a5 22.
b4 axb4 23.axb4 Na6 24.Rb2 g5 25.Bg3 Qc6 26.Nxb5 Qxe4 27.Qf1 Bd5 28.Na7 
Nxb4 29.Bb1 Bc4 30.Bxe4 Bxf1 31.Nxc8 Nxe4 32.Kxf1 Nd5 33.Nb6 Ndc3 34.Rd3 
f5 35.Nd2 Nxd2+ 36.Rbxd2 Ne4 37.Re2 Rb8 38.Nd5 e6 39.Nc7 Rb1+ 40.Re1 Rxe1+
41.Kxe1 f4 42.f3 fxg3 43.fxe4 gxh2 44.Rh3 Bxd4 45.Rxh2 1-0

[Event "33rd World U20 ch"]
[Site "Matinhos BRA"]
[Date "1994.09.??"]
[Round "8"]
[White "Leitao, Rafael"]
[Black "Waitzkin, Joshua"]
[Result "0-1"]
[WhiteElo "2335"]
[BlackElo "2415"]
[EventDate "1994.09.03"]
[PlyCount "116"]

1.d4 d5 2.c4 dxc4 3.Nc3 Nf6 4.e3 e6 5.Bxc4 c5 6.Nf3 a6 7.O-O b5 8.Bb3 Bb7 
9.Qe2 Nbd7 10.Rd1 Bd6 11.e4 cxd4 12.Nxd4 Qb8 13.h3 b4 14.Na4 Nxe4 15.Be3 
O-O 16.Rac1 Ndc5 17.Nb6 Ra7 18.Nc4 Bh2+ 19.Kh1 Bc7 20.Bc2 Ra8 21.Qh5 Qd8 
22.Nd2 Qe7 23.Nxe4 Nxe4 24.Ba4 Rad8 25.Nc6 Rxd1+ 26.Rxd1 Qf6 27.Qf3 Qxf3 
28.gxf3 Nf6 29.Bc5 Ra8 30.Bxb4 Nd5 31.Ba3 Kh8 32.Kg2 Nb6 33.Na5 Bxf3+ 34.
Kxf3 Nxa4 35.Nc4 Rd8 36.Rxd8+ Bxd8 37.Ne5 Kg8 38.Nc6 Bf6 39.b3 Nc3 40.Bb2 
Nxa2 41.Bxf6 gxf6 42.b4 Kg7 43.Kg4 Kg6 44.Ne7+ Kh6 45.Nc6 f5+ 46.Kf4 Kh5 
47.Kg3 e5 48.Nxe5 Nxb4 49.Nxf7 a5 50.Nd6 a4 51.Nb5 Nc2 52.Nc3 a3 53.Na2 
Kg5 54.Kf3 Ne1+ 55.Ke2 Ng2 56.Kf3 Ne1+ 57.Ke2 Ng2 58.Kf3 Nh4+ 0-1

[Event "33rd World U20 ch"]
[Site "Matinhos BRA"]
[Date "1994.09.??"]
[Round "8"]
[White "Georgiev, Vladimir"]
[Black "Mariano, Nelson"]
[Result "0-1"]
[WhiteElo "2400"]
[BlackElo "2345"]
[EventDate "1994.09.03"]
[PlyCount "98"]

1.e4 c5 2.Nf3 d6 3.d4 cxd4 4.Nxd4 Nf6 5.Nc3 a6 6.Bg5 e6 7.f4 Qb6 8.a3 Nc6 
9.Nb3 Be7 10.Qd2 h6 11.Bxf6 Bxf6 12.O-O-O Be7 13.h4 Qc7 14.g4 Bd7 15.Qf2 
b5 16.Rh3 Qa7 17.Qd2 Rb8 18.g5 b4 19.axb4 Nxb4 20.Rg3 hxg5 21.hxg5 a5 22.
Nd4 Qb6 23.Bb5 Bxb5 24.Ndxb5 a4 25.Kb1 Qc5 26.g6 Rxb5 27.Nxb5 Qxb5 28.
gxf7+ Kxf7 29.Qd4 Rh7 30.Rdg1 Bf8 31.f5 Qc5 32.fxe6+ Kxe6 33.Qd1 Qc4 34.
Qg4+ Kf7 35.Rc3 Qa2+ 36.Kc1 Kg8 37.Kd2 Rh2+ 38.Rg2 Rxg2+ 39.Qxg2 Qxb2 40.
Qg6 Qa2 41.Rc8 Qf7 42.Qg3 Qe6 43.Rb8 Qxe4 44.Qxd6 Qg2+ 45.Kc3 Qf3+ 46.Kd2 
Qf2+ 47.Kc3 Qe3+ 48.Kc4 Qe2+ 49.Kc3 Qxc2+ 0-1

[Event "33rd World U20 ch"]
[Site "Matinhos BRA"]
[Date "1994.09.??"]
[Round "8"]
[White "Iordachescu, Viorel"]
[Black "Pcola, Pavol"]
[Result "1-0"]
[WhiteElo "2435"]
[BlackElo "2280"]
[EventDate "1994.09.03"]
[PlyCount "99"]

1.e4 e6 2.d3 d5 3.Nd2 c5 4.g3 g6 5.Bg2 Bg7 6.Ngf3 Ne7 7.O-O O-O 8.Re1 Nbc6
9.h4 h6 10.e5 f5 11.exf6 Rxf6 12.Nb3 b6 13.c3 e5 14.Nxe5 Nxe5 15.Rxe5 Rxf2
16.Qe1 Bxe5 17.Qxf2 Nf5 18.Bf4 Bg7 19.Re1 Bb7 20.h5 g5 21.Be5 Bxe5 22.Rxe5
Ng7 23.d4 Qd6 24.Qe3 c4 25.Nd2 Bc6 26.Qe2 Rc8 27.Nf1 Re8 28.Rxe8+ Bxe8 29.
Ne3 Bxh5 30.Qf2 b5 31.Nxd5 Bg6 32.Nf6+ Kh8 33.Ng4 Be8 34.Ne5 Kg8 35.Be4 h5
36.Kh2 a6 37.Qf3 h4 38.gxh4 gxh4 39.Qf4 Qe7 40.Qh6 Ne6 41.Bd5 Bf7 42.Nxf7 
Kxf7 43.Qxe6+ Qxe6 44.Bxe6+ Kxe6 45.Kh3 a5 46.Kxh4 Kf5 47.Kg3 Ke4 48.Kf2 
b4 49.Ke2 b3 50.a4 1-0

[Event "33rd World U20 ch"]
[Site "Matinhos BRA"]
[Date "1994.09.??"]
[Round "8"]
[White "Riegler, Primoz"]
[Black "Jaracz, Pawel"]
[Result "1-0"]
[WhiteElo "2250"]
[BlackElo "2415"]
[EventDate "1994.09.03"]
[PlyCount "79"]

1.e4 c5 2.Nf3 e6 3.d4 cxd4 4.Nxd4 a6 5.Nc3 Qc7 6.Bd3 Nf6 7.O-O Nc6 8.Be3 
Ne5 9.h3 Bc5 10.Kh1 d6 11.Qe2 O-O 12.f4 Ng6 13.Nb3 Bxe3 14.Qxe3 b5 15.Rae1
b4 16.Nd1 Bb7 17.Qd2 a5 18.c3 e5 19.cxb4 axb4 20.fxe5 dxe5 21.Qxb4 Rxa2 
22.Nc5 Bc6 23.Qc3 Nf4 24.Bc4 Raa8 25.Nf2 N6h5 26.Kh2 Qe7 27.Ng4 Kh8 28.b4 
Qh4 29.Nxe5 Be8 30.Ng4 Rc8 31.Qe3 f5 32.Nf2 Nf6 33.e5 N6d5 34.Qb3 Nb6 35.
g3 Qh6 36.Ba6 Rxc5 37.bxc5 Nd7 38.gxf4 Nxc5 39.Qb4 Qc6 40.Nd3 1-0

[Event "33rd World U20 ch"]
[Site "Matinhos BRA"]
[Date "1994.09.??"]
[Round "8"]
[White "Pingitzer, Harald"]
[Black "Fancsy, Imre"]
[Result "1/2-1/2"]
[WhiteElo "2250"]
[BlackElo "2415"]
[EventDate "1994.09.03"]
[PlyCount "40"]

1.e4 c5 2.Nf3 e6 3.d4 cxd4 4.Nxd4 a6 5.g3 d5 6.exd5 Qxd5 7.Nf3 Qxd1+ 8.
Kxd1 Nc6 9.Bg2 e5 10.Nbd2 Bf5 11.Re1 f6 12.Nh4 Bg4+ 13.Bf3 Be6 14.c3 O-O-O
15.Kc2 g5 16.Ng2 Bc5 17.Ne4 Bf5 18.Be3 Bxe3 19.Nxe3 Bg6 20.Rad1 Nge7 
1/2-1/2

[Event "33rd World U20 ch"]
[Site "Matinhos BRA"]
[Date "1994.09.??"]
[Round "8"]
[White "Dos Santos, Ramiro"]
[Black "Barria Zuniga, Daniel"]
[Result "1/2-1/2"]
[WhiteElo "2315"]
[BlackElo "2340"]
[EventDate "1994.09.03"]
[PlyCount "53"]

1.e4 c5 2.Nf3 Nc6 3.d4 cxd4 4.Nxd4 g6 5.Nc3 Bg7 6.Be3 Nf6 7.Bc4 O-O 8.Bb3 
a5 9.a4 Ng4 10.Qxg4 Nxd4 11.Qd1 Nxb3 12.cxb3 d6 13.O-O Be6 14.Nd5 Bxb2 15.
Ra2 Bg7 16.Rc2 Ra6 17.Qd2 Rc6 18.Rfc1 Bd7 19.Rxc6 Bxc6 20.Bb6 Qd7 21.Bxa5 
e6 22.Bc3 exd5 23.Bxg7 Kxg7 24.exd5 Bxa4 25.bxa4 Qxa4 26.Qb2+ Kg8 27.Qxb7 
1/2-1/2

[Event "33rd World U20 ch"]
[Site "Matinhos BRA"]
[Date "1994.09.??"]
[Round "8"]
[White "Del Rio Angelis, Salvador Gabriel"]
[Black "Goldgewicht, Lionel"]
[Result "1/2-1/2"]
[WhiteElo "2350"]
[BlackElo "2300"]
[EventDate "1994.09.03"]
[PlyCount "52"]

1.e4 e6 2.d4 d5 3.Nd2 c5 4.exd5 Qxd5 5.Ngf3 cxd4 6.Bc4 Qd6 7.O-O Nf6 8.Nb3
Nc6 9.Nbxd4 Nxd4 10.Qxd4 Bd7 11.Rd1 Qxd4 12.Nxd4 Bc5 13.Be2 O-O-O 14.Bf3 
e5 15.Nb3 Bb6 16.Bd2 e4 17.Be2 Bg4 18.Re1 Rxd2 19.Nxd2 e3 20.Bxg4+ Nxg4 
21.fxe3 Bxe3+ 22.Rxe3 Nxe3 23.Re1 Rd8 24.Ne4 Rd1 25.Rxd1 Nxd1 26.b3 Kd7 
1/2-1/2

[Event "33rd World U20 ch"]
[Site "Matinhos BRA"]
[Date "1994.09.??"]
[Round "8"]
[White "Nordahl, Helge"]
[Black "Escobedo Tinajero, Alberto"]
[Result "1/2-1/2"]
[WhiteElo "2245"]
[BlackElo "2325"]
[EventDate "1994.09.03"]
[PlyCount "37"]

1.d4 Nf6 2.c4 c5 3.d5 b5 4.a4 bxc4 5.Nc3 d6 6.e4 g6 7.Bxc4 Bg7 8.f4 O-O 9.
Nf3 Ba6 10.Qd3 Bxc4 11.Qxc4 Nbd7 12.O-O Rb8 13.Qe2 Rb4 14.e5 dxe5 15.fxe5 
Ng4 16.e6 Nde5 17.Nxe5 Nxe5 18.exf7+ Nxf7 19.Bf4 1/2-1/2

[Event "33rd World U20 ch"]
[Site "Matinhos BRA"]
[Date "1994.09.??"]
[Round "8"]
[White "Dias, Anderson Tatsch"]
[Black "Szuhanek, Ranko"]
[Result "1-0"]
[WhiteElo "2190"]
[BlackElo "2350"]
[EventDate "1994.09.03"]
[PlyCount "105"]

1.d4 Nf6 2.c4 g6 3.Nc3 Bg7 4.e4 d6 5.f3 O-O 6.Be3 e5 7.d5 c5 8.Bd3 Nh5 9.
Nge2 f5 10.exf5 gxf5 11.O-O a6 12.Qd2 Nd7 13.Kh1 Ndf6 14.a4 b6 15.Bg5 Qe8 
16.Qc2 Qg6 17.Bd2 Re8 18.g4 e4 19.gxh5 exd3 20.hxg6 dxc2 21.gxh7+ Nxh7 22.
Rac1 b5 23.axb5 axb5 24.cxb5 f4 25.Rxc2 Bf5 26.Rcc1 Bd3 27.Rfe1 Bxe2 28.
Rxe2 Rxe2 29.Nxe2 Bxb2 30.Rb1 Be5 31.Bxf4 Bxf4 32.Nxf4 Nf6 33.b6 Kf7 34.b7
Rb8 35.Ne6 Nxd5 36.Nd8+ Rxd8 37.b8=Q Rxb8 38.Rxb8 c4 39.Kg2 Kf6 40.Kf2 Ke5
41.Rd8 Nf4 42.Re8+ Ne6 43.h4 c3 44.Ke2 d5 45.h5 Kf6 46.Kd3 d4 47.h6 Nf4+ 
48.Kxd4 c2 49.h7 Ne6+ 50.Kd3 c1=Q 51.h8=Q+ Ng7 52.Qh4+ Kf7 53.Re7+ 1-0